000 00664nam a2200241Ia 4500
003 OSt
005 20221005052055.0
006 a|||||r|||| 00| 0
007 ta
008 221004b |||||||| |||| 00| 0 eng d
024 _a48750
037 _cTextual
040 _aCRL
_cCRL
_beng
041 _2eng
_aeng
082 _aO111,2J64:gx, K9
100 _aBradbrook M. C.
245 0 _aShakespeare the craftsman
_b The Clark lectures 1968
260 _aLondon
_bChatto and Windus UK
_c1969
300 _a187p.
_ccm.
650 _aENGLISH LITERATURE
942 _hO111,2J64:gx, K9
_cTEXL
_2cc
999 _c959742
_d959742